The Other Side of the Door (TV) - Taylor Swift (All Lyrics) - Statistics

General Stats
  • This quiz has been taken 150 times
  • The average score is 331 of 374
Answer Stats
Lyrics % Correct
a
100%
you
99%
you"
99%
you,
99%
You
99%
do,
97%
do
97%
I
97%
"I
97%
of
97%
the
97%
And
96%
and
96%
In
96%
in
96%
side
96%
with
96%
With
96%
all
95%
All
95%
'Cause
95%
'cause
95%
door
95%
I'm
95%
"I'm
95%
is
95%
need
95%
on
95%
other
95%
When
95%
love
94%
But
92%
but
92%
but,
92%
little
92%
that
92%
To
92%
to
92%
your
92%
me
91%
me,
91%
my
91%
said,
91%
said
91%
stand
91%
want
91%
back
90%
it,
90%
it"
90%
out
90%
scream
90%
"This
90%
this
90%
don't
89%
know
89%
"Leave",
89%
leave
89%
"Leave,"
89%
Screamin',
89%
black
87%
eyes
87%
for
87%
night
87%
pebbles
87%
rain,
87%
really
87%
throwin'
87%
Wait
87%
window,
87%
window
87%
after
86%
After
86%
away
86%
everything
86%
everything,
86%
lies
86%
more
86%
pourin'
86%
say,
86%
say
86%
there
86%
white
86%
down
85%
dress
85%
look
85%
up
85%
we
85%
conversation
84%
heat
84%
it's
84%
outside
84%
were
84%
at
82%
beautiful
82%
comin'
82%
face
82%
fight,
82%
mess?
82%
must
82%
time
82%
was
82%
baby,
81%
confess
81%
if
81%
I've
81%
over
81%
so
81%
stay
81%
words
81%
broke
80%
car
80%
cryin',
80%
had
80%
make
80%
not
80%
tell
80%
Tell
80%
yeah
80%
can
78%
from
78%
stairs
78%
walked
78%
alone
77%
enough"
77%
even
77%
I'll
77%
picture
77%
see
77%
why
77%
mean
76%
sayin',
76%
she
76%
what
76%
can't
75%
chase
75%
closer
75%
here
75%
stupid
75%
through
75%
worth
75%
couldn't
73%
faded
73%
Ignorin'
73%
starin'
73%
wanted
73%
carried
72%
Goin'
72%
goin'
72%
mad,
72%
phone
72%
pride
72%
are
71%
things
71%
tryna
71%
you've
71%
keep
70%
photographs,
70%
times
70%
both
68%
Oh,
68%
"There's
68%
called
67%
hundred
67%
misread
67%
nothin'
67%
pickin'
67%
right
66%
sittin'
66%
left,
65%
might
65%
again,
63%
babe,
61%
slammin'
61%
remember
59%
Well,
59%
No matching quizzes found
Score Distribution
Percent of People with Each Score
Percentile by Number Answered
Your Score History
You have not taken this quiz